00414pab a2200133 454500008004000000100002300040245011500063260000900178300001100187362000900198650001700207700002200224773003400246180718b1987 xxu||||| |||| 00| 0 eng d aMontanari, John R. aThe administrative component of organisations and the ratchel - effectsbA critique of cross sectional studies c1987 a113-23 aMar. aOrganisation aPhilip J. Adelman aJournal of Management Studies